Stamp duty land tax (Record no. 105413)
[ view plain ]
| 000 -LEADER | |
|---|---|
| fixed length control field | 01792cam a22002655 4500 |
| 001 - CONTROL NUMBER | |
| control field | L133541 |
| 008 - FIXED-LENGTH DATA ELEMENTS--GENERAL INFORMATION | |
| fixed length control field | 060517s2007 xxk kf v 001 0 eng d |
| 020 ## - INTERNATIONAL STANDARD BOOK NUMBER | |
| International Standard Book Number | 1904905242 |
| 035 ## - SYSTEM CONTROL NUMBER | |
| System control number | (Sirsi) u133541 |
| 050 04 - LIBRARY OF CONGRESS CALL NUMBER | |
| Classification number | 336.22 $2 18 |
| 100 ## - MAIN ENTRY--PERSONAL NAME | |
| Personal name | Humphrey, Ann |
| 245 00 - TITLE STATEMENT | |
| Title | Stamp duty land tax |
| Remainder of title | a practical guide for lawyers |
| 250 ## - EDITION STATEMENT | |
| Edition statement | 2nd ed. |
| 260 ## - PUBLICATION, DISTRIBUTION, ETC. | |
| Place of publication, distribution, etc. | London |
| Name of publisher, distributor, etc. | Spiramus Press |
| Date of publication, distribution, etc. | 2007 |
| 350 ## - PRICE (NR) (BK AM CF MU VM SE) [OBSOLETE] | |
| Price | 75.00 |
| 505 2# - FORMATTED CONTENTS NOTE | |
| Formatted contents note | Tables of authorities -- Part one: SDLT an overview -- Part two: the SDLT regime in detail -- Scope of SDLT -- Calculating the charge to SDLT -- Reliefs -- Land transactions involving partnerships -- SDLT: general anti-avoidance measures -- SDLT regime: commencement and transitional provisions -- The administration and collection of SDLT -- Part three: the SDLT process -- Part four: SDLT by transaction -- Part five: SDLT glossary -- Part six: SDLT forms -- Index |
| 520 ## - SUMMARY, ETC. | |
| Summary, etc. | Provides a comprehensive and practical analysis of the Stamp Duty Land Tax (SDLT) scheme as it operates. Takes into account the changes brought in up to and including the Finance Act 2007. Provides an introduction and overview to stamp duty land tax; detailed analysis of the legislation and regulations showing how the tax is calculated and administered; how to fill in the forms (paper and online); how SDLT works in practice illustrated with worked examples; copies of the main forms used. Includes: e-filing; updating of the land transaction form and guidance notes; introduction of a range of anti-avoidance measures to prevent exploitation of the rules. |
| 521 20 - TARGET AUDIENCE NOTE | |
| Target audience note | Advanced |
| 590 ## - LOCAL NOTE (RLIN) | |
| Local note | KA |
| 650 24 - SUBJECT ADDED ENTRY--TOPICAL TERM | |
| Topical term or geographic name entry element | STAMP DUTY LAND TAX |
| 651 #4 - SUBJECT ADDED ENTRY--GEOGRAPHIC NAME | |
| Geographic name | United Kingdom |
| Chronological subdivision | |
| 690 ## - LOCAL SUBJECT ADDED ENTRY--TOPICAL TERM (OCLC, RLIN) | |
| Topical term or geographic name as entry element | PROPERTY-PROPERTY TAXATION-STAMP DUTY LAND TAX |
| 700 1# - ADDED ENTRY--PERSONAL NAME | |
| Personal name | Freedman, Philip |
| 942 ## - ADDED ENTRY ELEMENTS (KOHA) | |
| Suppress in OPAC | 0 |
| Withdrawn status | Lost status | Source of classification or shelving scheme | Damaged status | Not for loan | Home library | Current library | Shelving location | Date acquired | Total Checkouts | Full call number | Barcode | Date last seen | Date last checked out | Copy number | Price effective from | Koha item type |
|---|---|---|---|---|---|---|---|---|---|---|---|---|---|---|---|---|
| Dewey Decimal Classification | London | London | Books | 28/02/2008 | 5 | 333.22 HUM | 30074326 | 06/08/2019 | 26/09/2008 | 1 | 06/08/2019 | Book |